000 00533nam a2200217Ia 4500
003 OSt
005 20220603110603.0
008 210210b2008 xxu||||| |||| 00| 0 eng d
020 _a9780070495531
040 _cAL
041 _aeng
082 _a539 BEIC
100 _aBEISER (Arthur)
_940281
245 _aConcepts of modern physics
250 _a6
260 _aNew Delhi
_bTata McGraw-Hill Publishing Company Ltd.
_c2008
300 _axiii,542
690 _aModern Physics
_940282
906 _a062918
942 _2ddc
_cBK
999 _c130600
_d130600